000 00626nam a22002057a 4500
001 sjds170164
003 sjds
005 20170721164337.0
008 170721b nyu||||| |||| 00| 0 spa d
020 _a9780590935647 (pbk.)
020 _a059093564X (pbk.)
040 _csjds
041 _aspa
100 1 _aDzib, Carlos
245 _aHip, el hipopótamo /
_c por Carlos Dzib.
260 _aNew York :
_bScholastic,
_c1991.
300 _a16 pages :
_bcolor illustrations ;
_c19 cm
500 _a"Originally published as a story in Colibrí-primeros cuentos: El ratón Simón ; Aura y sus amigos ; Hipo."
942 _cBK
999 _c18628
_d18628